| 000 | 00673nam a22001817a 4500 | ||
|---|---|---|---|
| 999 |
_c6508 _d6508 |
||
| 003 | GBCCL | ||
| 005 | 20241126110604.0 | ||
| 008 | 180516b ||||| |||| 00| 0 eng d | ||
| 040 | _cgbc | ||
| 082 |
_a230.0145 _bPHI |
||
| 100 |
_aPhillips, J B _911648 |
||
| 245 |
_aNew Testament Christianity/ _cJ B Phillips |
||
| 260 |
_aLondon : _bHodder & Stoughton, _c1958. |
||
| 300 | _a159 pages ; 21 cm | ||
| 505 | _aExplanation -- The angels' point of view -- God makes news -- The faith faculty -- Ground for hope -- Love -- Peace -- Christian maintenance -- Christian service -- Some conclusions. | ||
| 650 |
_aChristianity -- Essence, genius, nature. _911649 |
||
| 942 |
_2ddc _cBK |
||